| Tag |
First Indicator |
Second Indicator |
Subfields |
| LEADER |
00000cam a2200000 a 4500 |
| 001 |
in00000015870 |
| 005 |
20151007052624.0 |
| 008 |
861014s1986 nyuad b 001 0 eng |
| 010 |
|
|
|a 86214188
|
| 019 |
|
|
|a 13820106
|
| 020 |
|
|
|a 1555630022
|
| 020 |
|
|
|a 9781555630027
|
| 035 |
|
|
|a (OCoLC)15221780
|z (OCoLC)13820106
|
| 035 |
|
|
|a (OCoLC)ocm15221780
|
| 040 |
|
|
|a DLC
|c DLC
|d OCLCQ
|d BAKER
|d BTCTA
|d UtOrBLW
|
| 049 |
|
|
|a TXAM
|
| 050 |
0 |
0 |
|a TN871.35
|b .J67 1986
|
| 082 |
0 |
0 |
|a 622/.1828
|2 19
|
| 090 |
|
|
|a TN871
|b .S624 v.10
|
| 100 |
1 |
|
|a Jorden, James R.
|
| 245 |
1 |
0 |
|a Well logging II :
|b electric and acoustic logging /
|c James R. Jorden and Frank L. Campbell.
|
| 264 |
|
1 |
|a New York :
|b Henry L. Doherty Memorial Fund of AIME, Society of Petroleum Engineers,
|c 1986.
|
| 300 |
|
|
|a viii, 182 pages :
|b illustrations ;
|c 29 cm. +
|e chart supplement.
|
| 336 |
|
|
|a text
|b txt
|2 rdacontent
|
| 337 |
|
|
|a unmediated
|b n
|2 rdamedia
|
| 338 |
|
|
|a volume
|b nc
|2 rdacarrier
|
| 490 |
1 |
|
|a SPE monograph series ;
|v v. 10.
|a Henry L. Doherty series
|
| 504 |
|
|
|a Includes bibliographical references (pages [173]-174).
|
| 500 |
|
|
|a Includes indexes.
|
| 650 |
|
0 |
|a Oil well logging, Electric.
|
| 650 |
|
0 |
|a Oil well logging, Acoustic.
|
| 700 |
1 |
|
|a Campbell, Frank L.
|
| 740 |
0 |
2 |
|a Well logging 2.
|
| 830 |
|
0 |
|a Monograph (Society of Petroleum Engineers (U.S.)) ;
|v v. 10.
|
| 830 |
|
0 |
|a Monograph (Society of Petroleum Engineers (U.S.)).
|p Henry L. Doherty series.
|
| 938 |
|
|
|a Baker and Taylor
|b BTCP
|n 86214188 //r913
|
| 938 |
|
|
|a Baker & Taylor
|b BKTY
|c 60.00
|d 64.95
|i 1555630022
|n 0001465746
|s active
|
| 945 |
|
|
|a PromptCat
|
| 946 |
|
|
|a qatar
|
| 947 |
|
|
|a Q14800167744
|
| 949 |
|
|
|a updated-AC: Qatar
|b h
|c 2007/4/18
|e rrojas
|
| 994 |
|
|
|a 92
|b TXA
|
| 999 |
|
|
|a MARS
|
| 999 |
f |
f |
|s abac4570-f699-38df-909f-78719e14d9ce
|i f1843336-969b-3aad-a9ab-480dbd3b8c54
|t 0
|
| 952 |
f |
f |
|p ric
|a Texas A&M University
|b Rellis Campus
|c Joint Library Facility
|d Remote Storage
|t 0
|e TN871 .S624 v.10
|h Library of Congress classification
|i unmediated -- volume
|m A14812585966
|
| 952 |
f |
f |
|p ric
|a Texas A&M University
|b Rellis Campus
|c Joint Library Facility
|d Remote Storage
|t 0
|e TN871 .S624 v.10
|h Library of Congress classification
|i unmediated -- volume
|k Suppl.
|m A14812585932
|
| 998 |
f |
f |
|a TN871 .S624 v.10
|t 0
|l Remote Storage
|
| 998 |
f |
f |
|a TN871 .S624 v.10
|t 0
|l Remote Storage
|